000 00713nam a22002417a 4500
003 OSt
005 20140310182440.0
008 130312t xxu||||| |||| 00| 0 eng d
020 _a97897812718434
050 _aHD 9672
_b.L298 2006
100 _aLao, Felix M.
_97375
245 _aPharmaceutical marketing in the Philippine setting /
_cFelix M. Jao, Jr.
250 _a4th ed.
260 _aPasig City, Philippines :
_bPublished and exclusively distributed by Anvil Pub.,
_cc2006.
300 _c26 cm.
_axv. 481 p. :
_bill. ;
650 _aPharmaceutical.
_97376
942 _2lcc
_cSSLC
999 _c13501
_d13501